Missing Word: 'Father' Songs Quiz Stats

 Plays Quiz Updated Oct 9, 2016

Challenge
Share
Tweet
Embed
Score 0/30 Timer 03:00
0 Plays Today
Hint Answer % Correct
Papa Was a Rollin' _____Stone
95.7%
Papa, Can You _____ Me?Hear
93%
Like Father, _____ SonLike
87.5%
Papa Don't _____Preach
86.6%
Father & _____Son
85%
My Son Calls Another _____ DaddyMan
84.9%
My _____ Belongs to DaddyHeart
82.8%
I'm a Ding _____ Daddy from DumasDong
81.6%
Papa's Got a Brand New _____Bag
74%
_____ PoppaBig
59.5%
My Daddy Knows _____Best
47.4%
Don't _____ DaddyCry
47.3%
Father _____Figure
42%
_____ with My FatherDance
39.8%
I'm a _____ Gone DaddyLong
39.8%
Hint Answer % Correct
Daddy Sang _____Bass
37%
Father of _____Mine
33.8%
My Father's _____Eyes
31.1%
_____ Daddy _____Gone
23.8%
Papa Gene's _____Blues
20.1%
Father _____Christmas
15.6%
Papa Loves _____Mambo
15.3%
Papa'z _____Song
11.6%
Daddy's _____ GoneAll
10.6%
_____ DaddySugar
9%
Don't _____ DaddyWake
7.1%
Daddy Could _____, I DeclareSwear
6.4%
Papa Don't Take No _____Mess
5.4%
My Father's _____Gun
4.2%
_____ DaddyDiddley
3.3%

Today's Daily Dose

Missing Word
Top 10 Artists

Word Ladder
'70s Song II

On This Day
October 20th II

You're not logged in!

Compare scores with friends on all Sporcle quizzes.
Join for Free
OR
Log In

You Might Also Like...

Show Comments

Extras

Top Quizzes Today


Score Distribution

Your Account Isn't Verified!

In order to create a playlist on Sporcle, you need to verify the email address you used during registration. Go to your Sporcle Settings to finish the process.

Report this User

Report this user for behavior that violates our Community Guidelines.

Details: